Adventures of Don Quixote de la Mancha (Record no. 3045)

MARC details
000 -CABECERA
campo de control de longitud fija 01581nam a2200349 a 4500
001 - NÚMERO DE CONTROL
campo de control BRCA_3309
005 - FECHA Y HORA DE LA ÚLTIMA TRANSACCIÓN
campo de control 20190320204221.0
008 - DATOS DE LONGITUD FIJA--INFORMACIÓN GENERAL
campo de control de longitud fija 190309s1870----enka---###---#000-0#eng-#
041 ## - CÓDIGO DE LENGUA
Código de lengua del texto/banda sonora o título independiente eng
044 ## - CÓDIGO DEL PAÍS DE LA ENTIDAD EDITORA/PRODUCTORA
Código MARC del país enk
084 ## - OTRO NÚMERO DE CLASIFICACIÓN
Número de clasificación 603
Número de documento/Ítem .B45
-- 1870
100 1# - ENTRADA PRINCIPAL--NOMBRE DE PERSONA
Nombre de persona Cervantes Saavedra, Miguel de
Fechas asociadas al nombre 1547-1616
9 (RLIN) 213
245 10 - MENCIÓN DE TÍTULO
Título Adventures of Don Quixote de la Mancha
Mención de responsabilidad, etc. Translated from the Spanish of Miguel de Cervantes Saavedra by Charles Jarvis.
260 ## - PUBLICACIÓN, DISTRIBUCIÓN, ETC.
Lugar de publicación, distribución, etc. Londres
Nombre del editor, distribuidor, etc. S. O. Beeton
Fecha de publicación, distribución, etc. 1870
300 ## - DESCRIPCIÓN FÍSICA
Extensión 1 v. en 2 partes (xxiv, 766 p.)
Otras características físicas il.
Dimensiones 22 cm.
440 #0 - MENCIÓN DE SERIE/PUNTO DE ACCESO ADICIONAL--TÍTULO
Título Beeton´s Boy´s own Library
9 (RLIN) 8757
500 ## - NOTA GENERAL
Nota general Contenido : Primera parte. Noticia sobre las obras de Cervantes. Prólogo del autor. Segunda parte. Prólogo del autor
500 ## - NOTA GENERAL
Nota general Edición : Carefully Revised and Corrected. Illustrated by Tony Johannot
500 ## - NOTA GENERAL
Nota general Reproducción de la traducción de Jarvis, con los dibujos de Johannot. Tela; planos y lomo decorados con motivos quijotiles dorados Lúdovik Osterc
500 ## - NOTA GENERAL
Nota general Estado físico : Cubierta maltratada y primeras hojas desprendidas
500 ## - NOTA GENERAL
Nota general QM900
546 ## - NOTA DE LENGUA/LENGUAJE
Nota de lengua/lenguaje Texto en : inglés
650 14 - PUNTO DE ACCESO ADICIONAL DE MATERIA--TÉRMINO DE MATERIA
Término de materia o nombre geográfico como elemento de entrada Novela española
Subdivisión cronológica Época clásica, 1500-1700
9 (RLIN) 215
650 14 - PUNTO DE ACCESO ADICIONAL DE MATERIA--TÉRMINO DE MATERIA
Término de materia o nombre geográfico como elemento de entrada Literatura española
Subdivisión cronológica Época clásica, 1500-1700
9 (RLIN) 216
650 14 - PUNTO DE ACCESO ADICIONAL DE MATERIA--TÉRMINO DE MATERIA
Término de materia o nombre geográfico como elemento de entrada Novela española
Subdivisión cronológica Siglo XVII
9 (RLIN) 217
650 14 - PUNTO DE ACCESO ADICIONAL DE MATERIA--TÉRMINO DE MATERIA
Término de materia o nombre geográfico como elemento de entrada Don Quijote (Personaje ficticio)
Término indicativo de función/relación Novela
9 (RLIN) 218
700 1# - PUNTO DE ACCESO ADICIONAL--NOMBRE DE PERSONA
Nombre de persona Jarvis, Charles
Fechas asociadas al nombre ?-1739
Término indicativo de función/relación Traductor
9 (RLIN) 8758
700 1# - PUNTO DE ACCESO ADICIONAL--NOMBRE DE PERSONA
Nombre de persona Johannot, Tony
Fechas asociadas al nombre 1803-1852
Término indicativo de función/relación Ilustrador
9 (RLIN) 8759
740 0# - PUNTO DE ACCESO ADICIONAL--TÍTULO RELACIONADO O ANALÍTICO NO CONTROLADO
Título relacionado o analítico no controlado El Ingenioso Hidalgo Don Quijote de la Mancha
902 ## - CATALOGADOR
Iniciales QFM
942 ## - ELEMENTOS DE PUNTO DE ACCESO ADICIONAL (KOHA)
Fuente del sistema de clasificación o colocación Library of Congress Classification
Tipo de ítem Koha Libros
Holdings
Estado de retiro Estado de pérdida Estado dañado No para préstamo Localización permanente Ubicación/localización actual Fecha de adquisición Número de inventario Total de préstamos Signatura topográfica completa Código de barras Fecha visto por última vez Precio válido a partir de Tipo de ítem Koha
El ejemplar forma parte de la colección y puede ser consultado según las políticas vigentes.       Biblioteca del Museo Franz Mayer (Rogerio Casas-Alatriste) Biblioteca del Museo Franz Mayer (Rogerio Casas-Alatriste) 19/03/2009 QM900   603 .B45 1870 (QM900) 3306 22/03/2019 22/03/2019 Libros